000 00613nam a2200181 i 4500
001 19545
003 ES-MaACL
005 20230906152123.0
007 t|
008 021003m19711972sp ||||1| spa d
100 1 _aAbancens López, Aurelio,
_917966
245 1 0 _aOrganización industrial /
_cAurelio Abancens López y José Mª Lasheras Esteban.
260 _aSan Sebastián :
_bEditorial Donostiarra,
_c[1971-72] (
_eZaragoza :
_fOctavio y Félez)
300 _a2 v. :
_bil. ;
_c24 cm.
700 1 _aLasheras Esteban, José María.
_970438
852 _aES-MaACL
_jC-54241-2
_bR.80294
999 _c19545
_d19545